Welcome to CU Library Online Public Access Catalogue (OPAC)

LETTERS OF PAUL HEBREWS AND THE BOOK OF PSALMS (Record no. 7021)

MARC details
000 -LEADER
fixed length control field 00365nam a22001337a 4500
005 - DATE AND TIME OF LATEST TRANSACTION
control field 20250717103919.0
008 - FIXED-LENGTH DATA ELEMENTS--GENERAL INFORMATION
fixed length control field 250717b |||||||| |||| 00| 0 eng d
050 ## - LIBRARY OF CONGRESS CALL NUMBER
Classification number BS2643
Item number .W39 WAY
100 ## - MAIN ENTRY--PERSONAL NAME
Personal name WAY ARTHUR S.
245 ## - TITLE STATEMENT
Title LETTERS OF PAUL HEBREWS AND THE BOOK OF PSALMS
260 ## - PUBLICATION, DISTRIBUTION, ETC.
Place of publication, distribution, etc. MICHIGAN
Name of publisher, distributor, etc. KREGEL PUBLICATIONS
Date of publication, distribution, etc. 1981
300 ## - PHYSICAL DESCRIPTION
Extent xx, 483p
942 ## - ADDED ENTRY ELEMENTS (KOHA)
Source of classification or shelving scheme Library of Congress Classification
Koha item type Books
Suppress in OPAC No
999 ## -
-- 7021
-- 7021
Holdings
Withdrawn status Lost status Source of classification or shelving scheme Damaged status Not for loan Collection Home library Current library Shelving location Date acquired Total checkouts Full call number Barcode Date last seen Copy number Price effective from Koha item type
    Library of Congress Classification     Non-fiction Undergraduate Library (Christ Temple) Undergraduate Library (Christ Temple) General stacks 07/17/2025   BS2643.W39 WAY ulct00003921 07/17/2025 1 07/17/2025 Books
© 2023-2024 Copyright: Central University Libraries. All Rights Reserved | Created by: Mahone Tech Office